| 000 | 00644nam a2200229 a 4500 | ||
|---|---|---|---|
| 008 | |||
| 020 | _a0748715339 (pbk.) | ||
| 049 | _aMAIN | ||
| 090 | _aTK7895.M5 SEA | ||
| 100 | 1 | _aSeals, Richard C. | |
| 245 | 1 | 0 |
_aMicroprocessor-based systems / _cRichard C. Seals. |
| 260 |
_aLeckhampton : _bStanley Thornes, _c1992. |
||
| 300 |
_axvi, 204 p. : _bill. ; _c22 cm. |
||
| 500 | _aIncludes index. | ||
| 650 | _aMicroprocessor. | ||
| 650 |
_acomputers _xdesign |
||
| 907 |
_a.b10064187 _b09-04-08 _c17-04-03 |
||
| 003 | |||
| 005 | 20230123133541.0 | ||
| 040 | _cNUST | ||
| 942 |
_cBOOKS _kTK7895.M5 SEA |
||
| 999 |
_c150563 _d150563 |
||